00269nam a2200109 a 4500008004100000050001900041100003100060245001500091260002700106300001700133350000900150120416s1957 ||||||||||||||||| || u aNA 7736.V5 Mon aMontgon, Adhemar, comte de10aVersailles aParisbF. Nathanc1957 a160p. : ill. a0.00